| 000 | 00402nam a22001337a 4500 | ||
|---|---|---|---|
| 082 |
_a820 _bPEL _cL-29, P-141 |
||
| 100 |
_aRord, Boris _945921 |
||
| 245 |
_athe pelicanguide to english literature 4 From Dryden to johnson _cRord, Boris |
||
| 260 |
_aEngland _bPenguin Books _c1957 |
||
| 300 |
_a512 p. _bill. _c18 cm |
||
| 526 |
_a0 _b0 _c0 _d820_000000000000000_PEL |
||
| 650 |
_aMCE _9379 |
||
| 942 |
_2ddc _cBK |
||
| 999 |
_c549318 _d549318 |
||